LEADER 01316nam a2200301 i 4500 001 000000079232 003 CaOOAMICUS 005 20170518000000.0 008 170518s2002 it u000 u ita u 013 $a51469 020 $a88-399-1264-9 040 $aSeMil$bita 100 1 $aGrün, Anselm,$c.$0(OLS)http://semarc/name/91193 240 14$aDie Eucharistiefeier : Verwandlung und Einswerden.$0(OLS)http://semarc/title/403236 245 12$aL'eucaristia :$btrasformarsi e diventare una cosa sola /$cAnselm Grün. 260 $aBrescia :$bQueriniana,$c2002. 300 $a102 p. ;$c20 cm. 490 0 $aI sacramenti 650 4$aEucaristia - Catechesi.$0(OLS)http://semarc/subject/9279 650 4$aEucaristia - Meditazioni.$0(OLS)http://semarc/subject/1553 650 4$aEucaristia - Celebrazione.$0(OLS)http://semarc/subject/7028 830 2$aI sacramenti.$0(OLS)http://semarc/title/9613 850 $aSeMil 852 $aSeMil$W1$xVenegono$y1$m3F II 655$j44979$B44979$CSeMilBibl$Z2$F46828 $81 961 $aLascito: Coronelli don Renato 996 $6020$a88-399-1264-9$9(OLS)http://semarc/number/270444 996 $6245$aL'eucaristia :$btrasformarsi e diventare una cosa sola$9(OLS)http://semarc/title/403235 996 $6260$aBrescia :$bQueriniana$9(OLS)http://semarc/publisher/29615 LEADER 01607nam a2200313 i 4500 001 000000000618 003 CaOOAMICUS 005 20180830125433.0 008 180830s1989 fr u000 u und u 040 $aSeMil$bita 100 0 $aGregorius I,$c.$0(OLS)http://semarc/name/465 245 10$aCommentaire sur le prémier livre des Rois /$cGrégoire le Grand, [Pierre de Cava]. 260 $aParis :$bLes Éditions du Cerf,$c1989. 300 $av. ;$c20 cm. 500 $aTesto latino a fronte. - Formulazione di responsabilità [Pierre de Cava] dubbia : vedere prefazione al 3. volume dell'Opera. 700 1 $aPetrus : a Cava .$0(OLS)http://semarc/name/466 773 0 $tSources chrétiennes.$dParis : Les Éditions du Cerf, 1941-$kSources chrétiennes$x0750-1978$w()41 774 0 $tPréface 2., 28..$kSources chrétiennes$z2-204-03155-0$g1$w()36404 774 0 $t2., 29 3., 37.$kSources chrétiennes$z2-204-04899-2$g2$w()39608 774 0 $t3., 38 - 4., 78.$kSources chrétiennes$z2-204-06080-1$g3$w()63988 774 0 $t4,79-217.$kSources chrétiennes$z2-204-06465-3$g4$w()73833 774 0 $t1-116.$kSources chrétiennes$z2-204-07367-9$g6$w()125730 774 0 $t5., 1-212.$kSources chrétiennes$z2-204-06992-2$g5$w()111827 900 0 $aGregorio : Magno$c. 900 0 $aGregorio I$c. 996 $6245$aCommentaire sur le prémier livre des Rois$9(OLS)http://semarc/title/877 996 $6260$aParis :$bLes Éditions du Cerf$9(OLS)http://semarc/publisher/29611